| 000 | 00459nam a22001697a 4500 | ||
|---|---|---|---|
| 003 | CEME | ||
| 005 | 20210628204037.0 | ||
| 008 | 210105b xxu||||| |||| 00| 0 eng d | ||
| 020 | _a9781405186650 | ||
| 040 | _cceme | ||
| 082 | _a616.128 CAT | ||
| 100 |
_aAliot, Etienne, Haissaguerre, Michel, Jackman, Warren M _968407 |
||
| 245 | _aCatheter ablation of atrial fibrillation | ||
| 260 |
_aLONDON _bBLACKWELL _c2008 |
||
| 300 | _aX, 261P | ||
| 942 |
_cBK _2ddc |
||
| 999 |
_c575995 _d575995 |
||